000 00890nam a22001577a 4500
999 _c59577
_d59577
005 20230320110105.0
008 230320c2020 ge ||||| |||| 00| 0 geo d
022 _a15120481
041 _ageo
245 _aსაქართველოს უზენაესი სასამართლოს გადაწყვეტილებანი /
_bადმინისტრაციულ საქმეებზე. უძრავი ქონების რეგისტრაცია [ყოველთვიური].
260 _aთბილისი,
_c2020.
300 _av.
653 _aსაქართველოს უზენაესი სასამართლოს გადაწყვეტილებანი ადმინისტრაციულ საქმეებზე
653 _aპერიოდიკა
942 _2udc
_cCR